The meaning of everything : (Record no. 935)

000 -LEADER
fixed length control field 05134nam a22011177a 4500
001 - CONTROL NUMBER
control field 9070580
003 - CONTROL NUMBER IDENTIFIER
control field LIBRIS
005 - DATE AND TIME OF LATEST TRANSACTION
control field 20241031131321.0
008 - FIXED-LENGTH DATA ELEMENTS--GENERAL INFORMATION
fixed length control field 030914s2003 xxk|||||||||||000 0|eng|c
015 ## - NATIONAL BIBLIOGRAPHY NUMBER
National bibliography number GBA3-V4883
016 7# - NATIONAL BIBLIOGRAPHIC AGENCY CONTROL NUMBER
Record control number 0198607024
Source Uk
020 ## - INTERNATIONAL STANDARD BOOK NUMBER
International Standard Book Number 9780192805768
020 ## - INTERNATIONAL STANDARD BOOK NUMBER
International Standard Book Number 0192805762
020 ## - INTERNATIONAL STANDARD BOOK NUMBER
International Standard Book Number 0198607024
020 ## - INTERNATIONAL STANDARD BOOK NUMBER
International Standard Book Number 9780195175004
Qualifying information pbk
035 ## - SYSTEM CONTROL NUMBER
System control number (Uk)0198607024
040 ## - CATALOGING SOURCE
Original cataloging agency StDuBDS
Transcribing agency StDuBDS
Modifying agency Uk
-- H
Description conventions a
Language of cataloging eng
041 ## - LANGUAGE CODE
Language code of text/sound track or separate title eng
080 ## - UNIVERSAL DECIMAL CLASSIFICATION NUMBER
Universal Decimal Classification number 811
Item number W-72
082 04 - DEWEY DECIMAL CLASSIFICATION NUMBER
Classification number 423.09
Edition number 21
084 ## - OTHER CLASSIFICATION NUMBER
Classification number Fe.02
Number source kssb/7
084 ## - OTHER CLASSIFICATION NUMBER
Classification number Fe:k.46
Number source kssb/7
100 1# - MAIN ENTRY--PERSONAL NAME
Personal name Winchester, Simon
245 04 - TITLE STATEMENT
Title The meaning of everything :
Remainder of title the story of the Oxford English Dictionary /
Statement of responsibility, etc. / by: Oxford University Press
260 ## - PUBLICATION, DISTRIBUTION, ETC.
Place of publication, distribution, etc. Oxford :
Name of publisher, distributor, etc. Oxford University Press
Date of publication, distribution, etc. 2003
300 ## - PHYSICAL DESCRIPTION
Extent xxv, 260 p.
Other physical details ill., ports.
Dimensions 22 cm
340 ## - PHYSICAL MEDIUM
Dimensions 22 cm
365 ## - TRADE PRICE
Price amount 12.99 usd
630 00 - SUBJECT ADDED ENTRY--UNIFORM TITLE
Uniform title Oxford English Dictionary.
650 #7 - SUBJECT ADDED ENTRY--TOPICAL TERM
Topical term or geographic name entry element Engelska spr�ket
Authority record control number or standard number https://id.kb.se/term/sao/Engelska%20spr%C3%A5ket
Source of heading or term sao
650 #7 - SUBJECT ADDED ENTRY--TOPICAL TERM
Topical term or geographic name entry element Lexikologi
General subdivision historia
Geographic subdivision Storbritannien
Source of heading or term sao
650 #0 - SUBJECT ADDED ENTRY--TOPICAL TERM
Topical term or geographic name entry element Linguistics
9 (RLIN) 445
650 #7 - SUBJECT ADDED ENTRY--TOPICAL TERM
Topical term or geographic name entry element Lexikografi
General subdivision historia
Geographic subdivision Storbritannien
Source of heading or term sao
650 #0 - SUBJECT ADDED ENTRY--TOPICAL TERM
Topical term or geographic name entry element Lexicology
General subdivision History.
650 #0 - SUBJECT ADDED ENTRY--TOPICAL TERM
Topical term or geographic name entry element English language
653 ## - INDEX TERM--UNCONTROLLED
Uncontrolled term ლინგვისტიკა
653 ## - INDEX TERM--UNCONTROLLED
Uncontrolled term ინგლისური ენა
653 ## - INDEX TERM--UNCONTROLLED
Uncontrolled term ლექსიკოლოგია
887 ## - NON-MARC INFORMATION FIELD
Content of non-MARC field {"@id":"btmkhl2n4199f7x","modified":"2018-10-30T23:00:00+01:00","checksum":"39479322562"}
Source of data librisxl
887 ## - NON-MARC INFORMATION FIELD
Content of non-MARC field {"@id":"jntmt8jp0lwg4wn","modified":"2004-10-25T13:02:43+02:00","checksum":"78954832600"}
Source of data librisxl
887 ## - NON-MARC INFORMATION FIELD
Content of non-MARC field {"@id":"z3803cq45hg7h6w","modified":"2016-03-24T14:52:27+01:00","checksum":"80384237301"}
Source of data librisxl
887 ## - NON-MARC INFORMATION FIELD
Content of non-MARC field {"@id":"6bh79kwc26p1z9n","modified":"2017-02-08T12:15:04+01:00","checksum":"75375026623"}
Source of data librisxl
887 ## - NON-MARC INFORMATION FIELD
Content of non-MARC field {"@id":"tz4x3jv05h202p5","modified":"2015-10-26T12:13:47+01:00","checksum":"77357533268"}
Source of data librisxl
887 ## - NON-MARC INFORMATION FIELD
Content of non-MARC field {"@id":"pt0s23xv4d775wf","modified":"2009-12-14T11:21:17+01:00","checksum":"70137507588"}
Source of data librisxl
887 ## - NON-MARC INFORMATION FIELD
Content of non-MARC field {"@id":"lqwq57cr2mrhpk9","modified":"2005-04-22T15:53:06+02:00","checksum":"74784579107"}
Source of data librisxl
887 ## - NON-MARC INFORMATION FIELD
Content of non-MARC field {"@id":"26c5b2z74ktkfxj","modified":"2018-01-08T12:00:19+01:00","checksum":"83531648004"}
Source of data librisxl
887 ## - NON-MARC INFORMATION FIELD
Content of non-MARC field {"@id":"hmt3t6vn2lpxgpz","modified":"2011-05-20T10:27:45+02:00","checksum":"71483092190"}
Source of data librisxl
887 ## - NON-MARC INFORMATION FIELD
Content of non-MARC field {"@id":"tz661d400t2swjb","modified":"2016-04-18T15:25:52+02:00","checksum":"77570878635"}
Source of data librisxl
887 ## - NON-MARC INFORMATION FIELD
Content of non-MARC field {"@id":"rw2v25zx1j4v8vx","modified":"2004-11-16T15:12:40+01:00","checksum":"61946789741"}
Source of data librisxl
887 ## - NON-MARC INFORMATION FIELD
Content of non-MARC field {"@id":"049146851jkntk9","modified":"2003-11-25T09:02:54+01:00","checksum":"89787503483"}
Source of data librisxl
887 ## - NON-MARC INFORMATION FIELD
Content of non-MARC field {"@id":"59hbdqkb2gq327f","modified":"2005-12-12T08:10:23+01:00","checksum":"70905855562"}
Source of data librisxl
887 ## - NON-MARC INFORMATION FIELD
Content of non-MARC field {"@id":"15b5fmg602gx05z","modified":"2005-02-23T08:52:18+01:00","checksum":"70367409334"}
Source of data librisxl
887 ## - NON-MARC INFORMATION FIELD
Content of non-MARC field {"@id":"7cj9j39d34gjtwd","modified":"2004-02-03T10:20:57+01:00","checksum":"73861121327"}
Source of data librisxl
887 ## - NON-MARC INFORMATION FIELD
Content of non-MARC field {"@id":"jntnvp1p32n3skz","modified":"2005-01-31T17:42:37+01:00","checksum":"66727401296"}
Source of data librisxl
942 ## - ADDED ENTRY ELEMENTS (KOHA)
Source of classification or shelving scheme
Koha item type Books
Holdings
Withdrawn status Lost status Source of classification or shelving scheme Damaged status Not for loan Permanent location Current location Date acquired Inventory number Total Checkouts Full call number Barcode Date last seen Price effective from Koha item type
          Ken Walker International University Ken Walker International University 01/21/2021 2422   811 W-72 2422 01/21/2021 01/21/2021 Books

Powered by Koha